00771nam a2200253 a 4500001001300000003000900013005001700022008004100039020001000080082001300090100001500103245002000118260004800138300000800186500003500194505004100229650001600270700001500286902000800301942000700309952009300316952009300409999001500502nice12345678IN_TiNIC20260116011427.0050524s1937 laha grp 000 0 eng  ac10000a239bWAR aWaris, F D aKAMIL Shariyat. aLahorebPunjab Religious Booksociety c1937 a22p aincludes index and biblioraphy2 a12 Volumes in Bounded in Six Volumes aApologetics1 aWaris, F D bSRS cBK 00104070aHMIbHMId2016-04-19g100.00l0o239 WARp4673r0000-00-00w2026-01-16yARB 00104070aHMIbHMId2016-04-19g100.00l0o239 WARp5090r0000-00-00w2026-01-16yARB c1429d1429